[Event "ARG-ch Amateur U2000"]
[Site "Torre Blanca"]
[Date "2016.12.10"]
[Round "6.7"]
[White "Ramos, Gabriel"]
[Black "Celada, Alberto"]
[Result "1-0"]
[WhiteElo "1953"]
[BlackElo "1859"]
[PlyCount "59"]
[EventDate "2016.12.08"]
[EventType "swiss"]
[EventRounds "9"]
[EventCountry "ARG"]
[SourceTitle "EXT 2024"]
[Source "ChessBase"]
[SourceDate "2023.10.10"]
[SourceVersion "1"]
[SourceVersionDate "2023.10.10"]
[SourceQuality "1"]

1. d4 d5 2. e3 Bf5 3. c4 e6 4. Qb3 Qc8 5. cxd5 exd5 6. Qxd5 Be6 7. Qg5 Nf6 8. Nc3 h6 9. Qg3 c6 10. Bd3 Qd8 11. Nge2 Bd6 12. f4 g5 13. 0-0 Qe7 14. e4 Nh5 15. Qf3 g4 16. Qf2 g3 17. Nxg3 Nxg3 18. hxg3 Bg4 19. e5 Bc7 20. d5 Bb6 21. Be3 Nd7 22. Bxb6 Nxb6 23. dxc6 bxc6 24. Ne4 Nd7 25. Rac1 0-0 26. Rxc6 Be6 27. Qe2 Kg7 28. f5 Bxf5 29. Rxf5 Nxe5 30. Rxe5 1-0

[Event "ARG-ch Amateur U2000"]
[Site "Torre Blanca"]
[Date "2016.12.09"]
[Round "5.4"]
[White "Celada, Alberto"]
[Black "Remolcoy, Luciano"]
[Result "1/2-1/2"]
[WhiteElo "1859"]
[BlackElo "1970"]
[PlyCount "155"]
[EventDate "2016.12.08"]
[EventType "swiss"]
[EventRounds "9"]
[EventCountry "ARG"]
[SourceTitle "EXT 2024"]
[Source "ChessBase"]
[SourceDate "2023.10.10"]
[SourceVersion "1"]
[SourceVersionDate "2023.10.10"]
[SourceQuality "1"]

1. d4 Nf6 2. Nf3 g6 3. Bf4 Bg7 4. e3 d6 5. Bd3 0-0 6. c3 b6 7. Nbd2 Bb7 8. Qc2 c5 9. h3 Nc6 10. h4 h5 11. Bg5 Rc8 12. Bxf6 exf6 13. d5 Ne5 14. Nxe5 dxe5 15. c4 f5 16. e4 fxe4 17. Nxe4 b5 18. Ng5 bxc4 19. Bxg6 fxg6 20. Qxg6 Rf6 21. Qh7+ Kf8 22. 0-0-0 Qe8 23. Ne4 Bh6+ 24. Kb1 Qg6 25. Qxb7 Qxe4+ 26. Ka1 Re8 27. f3 Qc2 28. Qc7 Rb6 29. Qxc5+ Kg8 30. Qa3 Bd2 31. d6 Rxb2 32. Rxd2 Qxd2 33. Qxb2 Qxd6 34. Rc1 Rc8 35. Rc3 Qd4 36. Qc1 Kf7 37. Qb2 Rc7 38. Qc2 Kg7 39. Qc1 Qxh4 40. Qe3 Qd4 41. Kb2 Qxe3 42. Rxe3 Kf6 43. Kc3 Kf5 44. a4 a5 45. Re2 Rb7 46. Kxc4 Rb4+ 47. Kd5 Rd4+ 48. Kc5 Rxa4 49. Kb5 Ra1 50. Re4 a4 51. Re2 a3 52. Kb4 a2 53. Kb3 Rh1 54. Kxa2 h4 55. Re4 Rh2 56. Kb1 Rxg2 57. Rxh4 Rg3 58. Kc2 Rxf3 59. Kd2 Rf4 60. Rh3 Kg4 61. Ra3 Rf2+ 62. Ke1 Rb2 63. Rc3 e4 64. Ra3 Kf4 65. Rc3 Ra2 66. Rb3 Rc2 67. Ra3 Rb2 68. Rc3 Rb8 69. Ra3 Rg8 70. Rc3 e3 71. Rc7 Rg1+ 72. Ke2 Rg2+ 73. Ke1 Rd2 74. Rf7+ Ke4 75. Re7+ Kd3 76. Rd7+ Kc2 77. Rc7+ Kb2 78. Re7 1/2-1/2

[Event "ARG-ch Amateur U2000"]
[Site "Torre Blanca"]
[Date "2016.12.09"]
[Round "4.7"]
[White "Saracho, Franco"]
[Black "Celada, Alberto"]
[Result "1/2-1/2"]
[WhiteElo "1659"]
[BlackElo "1859"]
[PlyCount "105"]
[EventDate "2016.12.08"]
[EventType "swiss"]
[EventRounds "9"]
[EventCountry "ARG"]
[SourceTitle "EXT 2024"]
[Source "ChessBase"]
[SourceDate "2023.10.10"]
[SourceVersion "1"]
[SourceVersionDate "2023.10.10"]
[SourceQuality "1"]

1. e4 d5 2. exd5 Nf6 3. d4 e6 4. dxe6 Bxe6 5. Nf3 Bb4+ 6. c3 Bd6 7. Bd3 0-0 8. 0-0 h6 9. Re1 Nbd7 10. Nbd2 c5 11. Ne4 Nxe4 12. Bxe4 Qc7 13. h3 Nf6 14. Bc2 Rac8 15. Be3 Rfd8 16. Qe2 Re8 17. Qf1 Bd5 18. dxc5 Bxc5 19. Bxc5 Qxc5 20. Rxe8+ Rxe8 21. Nd4 a6 22. Bb3 b5 23. Bxd5 Nxd5 24. a3 Nf4 25. Re1 Rd8 26. g3 Nd5 27. Rd1 Nb6 28. Nb3 Qc7 29. Rxd8+ Qxd8 30. Qe2 Nc4 31. Nd4 Qd7 32. a4 Qd5 33. axb5 axb5 34. Qe8+ Kh7 35. Qxb5 Qxb5 36. Nxb5 Nxb2 37. Kg2 Kg6 38. Kf3 Kf6 39. Ke4 Ke6 40. Nd4+ Kf6 41. Kd5 Nd1 42. c4 Nxf2 43. c5 Nd3 44. Kd6 Nxc5 45. Kxc5 Ke5 46. g4 g6 47. Nc6+ Kf4 48. Nd8 f5 49. gxf5 gxf5 50. Ne6+ Kg3 51. Kd4 f4 52. Nxf4 Kxf4 53. h4 1/2-1/2

[Event "ARG-ch Amateur U2000"]
[Site "Torre Blanca"]
[Date "2016.12.08"]
[Round "2.6"]
[White "Celada, Alberto"]
[Black "Terre, Marcelo"]
[Result "1/2-1/2"]
[WhiteElo "1859"]
[BlackElo "1917"]
[PlyCount "25"]
[EventDate "2016.12.08"]
[EventType "swiss"]
[EventRounds "9"]
[EventCountry "ARG"]
[SourceTitle "EXT 2024"]
[Source "ChessBase"]
[SourceDate "2023.10.10"]
[SourceVersion "1"]
[SourceVersionDate "2023.10.10"]
[SourceQuality "1"]

1. d4 Nf6 2. Nf3 e6 3. Bf4 c5 4. e3 Nc6 5. c3 Qb6 6. Qc2 Nh5 7. Bg3 Nxg3 8. hxg3 cxd4 9. exd4 h6 10. Nbd2 d5 11. Bd3 Bd6 12. Nf1 e5 13. dxe5 1/2-1/2